Macroeconomics : (Record no. 1765)

MARC details
000 -LEADER
fixed length control field 01711cam a22001934a 4500
020 ## - INTERNATIONAL STANDARD BOOK NUMBER
ISBN 0131435825
020 ## - INTERNATIONAL STANDARD BOOK NUMBER
ISBN 9780131435827
050 00 - CALL NUMBER
Classification number HB172.5
Item number .F76
100 1# - AUTHOR
Personal name Froyen, Richard T.
245 10 - TITLE
Title Macroeconomics :
Remainder of title theories and policies /
Statement of responsibility, etc Richard T. Froyen.
250 ## - EDITION
Edition statement 8th ed.
260 ## - PUBLICATION INFORMATION
Place of publication Upper Saddle River, N.J. :
Name of publisher Pearson/Prentice Hall,
Year of publication c2005.
300 ## - DESCRIPTION
Number of Pages xx, 508 p. :
Other physical details ill. ;
Dimensions 25 cm.
500 ## - NOTES
General note Includes index.
505 ## - FORMATTED CONTENTS NOTE
Table of Content I. INTRODUCTION AND MEASUREMENT. 1. Introduction. 2. Measurement of Macroeconomic Variables. II. CLASSICAL ECONOMICS AND THE KEYNESIAN REVOLUTION. 3. Classical Macroeconomics (I): Equilibrium Output and Employment. 4. Classical Macroeconomics (II): Money, Prices, and Interest. 5. The Theory of Economic Growth. 6. The Keynesian System (I): The Role of Aggregate Demand. 7. The Keynesian System (II): Money, Interest, and Income. 8. The Keynesian System (III): Policy Effects in the IS-LM Model. 9. The Keynesian System (IV): Aggregate Supply and Demand. III. MACROECONOMIC THEORY AFTER KEYNES. 10. The Monetarist Counterrevolution. 11. Output, Inflation and Unemployment: Alternative Views. 12. New Classical Economics. 13. Real Business Cycles and New Keynesian Economics. 14. Macroeconomic Models: A Summary. IV. OPEN ECONOMY MACROECONOMICS. 15. Exchange Rates and the International Monetary System. 16. Monetary and Fiscal Policy in the Open Economy. V. ECONOMIC POLICY. 17. The Money Supply and the Banking System. 18. Monetary Policy. 19. Fiscal Stabilization Policy. 20. Supply-Side Economics. VI. SECTORAL FUNCTIONS. 20. Consumption and Investment. 21. Money Demand.
650 #0 - SUBJECTS
Topical Term Macroeconomics.
650 #0 - SUBJECTS
Topical Term Keynesian economics.
942 ## - ADDED ENTRY ELEMENTS (KOHA)
Koha item type Books
Holdings
Withdrawn status Lost status Collection code Home library Current library Shelving location Date acquired Full call number Accession Number Copy number Koha item type
    Reference Methodist University Library Main Methodist University Library Main General Stacks 17/01/2018 HB172.5 .F76 23692 1 Books
    Reference Methodist University Library Main Methodist University Library Main General Stacks 17/01/2018 HB172.5 .F76 23690 2 Books
      Methodist University Library Main Methodist University Library Main General Stacks   HB172.5 .F76 23691 3 Books
      Methodist University Library Main Methodist University Library Main General Stacks   HB172.5 .F76 23686 4 Books
      Methodist University Library Main Methodist University Library Main General Stacks   HB172.5 .F76 23684 5 Books
      Methodist University Library Main Methodist University Library Main General Stacks   HB172.5 .F76 29837 6 Books
      Methodist University Library Main Methodist University Library Main General Stacks   HB172.5 .F76 29836 7 Books
      Methodist University Library Main Methodist University Library Main General Stacks   HB172.5 .F76 23685 8 Books
      Methodist University Library Main Methodist University Library Main General Stacks   HB172.5 .F76 23688 9 Books
      Methodist University Library Main Methodist University Library Main General Stacks   HB172.5 .F76 23687 10 Books
Copyright © 2026  MUG Library